| 000 | 00382nam a22001577a 4500 | ||
|---|---|---|---|
| 020 | _a9788126530007 | ||
| 082 |
_a631.43 _bBOH/SO |
||
| 100 |
_aBohn,Hinrich L. _91255 |
||
| 100 |
_aMcNeal, Brian L. _91256 |
||
| 100 |
_aO'connor, George A. _91257 |
||
| 245 | _aSoil Chemistry | ||
| 250 | _a3 rd | ||
| 260 |
_aNew Delhi _bWiley India Pvt. Ltd. _c2011 |
||
| 300 | _a307 | ||
| 942 | _cBBS | ||
| 999 |
_c14718 _d14718 |
||